[Event "DEM U14 2003"]
[Site "Willingen GER"]
[Date "2003.06.08"]
[Round "2"]
[White "Figura, Atila Gajo"]
[Black "Abel, Dennes"]
[Result "1-0"]
[Termination "normal"]
[Board "3"]
[WhiteElo "2111"]
[BlackElo "1915"]
[PlyCount "141"]
[WhiteFideId "4688058"]
[BlackFideId "24605417"]
[EventCountry "GER"]
[EventRounds "9"]
[EventType "swiss"]
[EventDate "2003.06.07"]

1. d4 Nf6 2. c4 e5 3. dxe5 Ng4 4. e3 Nxe5 5. Nh3 Bc5 6. Be2 O-O 7. Nf4 a5 8.
Nc3 Ra6 9. Bd2 Rh6 10. a3 c6 11. Ne4 Bb6 12. Bc3 Ng6 13. Nh5 f6 14. Nd6 Ne5 15.
Nf4 g6 16. Qb3 Bc5 17. Nxc8 Qxc8 18. Bxa5 Na6 19. Qc2 b6 20. Bc3 Bd6 21. b3 Qe8
22. h3 f5 23. O-O g5 24. Nd3 g4 25. Nxe5 Bxe5 26. Bxe5 Qxe5 27. b4 gxh3 28. g3
f4 29. exf4 Rxf4 30. c5 b5 31. Qb3+ Rf7 32. Qe3 Qg7 33. Kh2 Nc7 34. Bd1 Nd5 35.
Qd2 Re6 36. Bb3 Re5 37. Rae1 Rfe7 38. Ba2 Kh8 39. Bxd5 Rxd5 40. Qf4 h6 41. Rxe7
Qxe7 42. Qxh6+ Kg8 43. Qxh3 Qe2 44. Kg1 Rh5 45. Qg2 Rg5 46. Rc1 Rh5 47. Rf1 Rg5
48. f3 Qe3+ 49. Qf2 Qxa3 50. Qe1 Rg7 51. Kg2 Kf8 52. Rf2 Re7 53. Qd2 Rf7 54.
Qd6+ Kg8 55. Qd4 Qb3 56. Qe4 Rg7 57. Re2 Qf7 58. Qe8+ Qxe8 59. Rxe8+ Kf7 60.
Re4 Rg6 61. g4 d6 62. cxd6 Rxd6 63. Kg3 Rd5 64. Kf4 c5 65. bxc5 Rxc5 66. Re5
Rc4+ 67. Kf5 Rc3 68. f4 b4 69. Rb5 b3 70. g5 Rg3 71. Rb7+ 1-0

[Event "DEM U14 2003"]
[Site "Willingen GER"]
[Date "2003.06.08"]
[Round "2"]
[White "Zebisch, Paul"]
[Black "Siebarth, Raiko"]
[Result "1/2-1/2"]
[Termination "normal"]
[Board "4"]
[WhiteElo "1863"]
[BlackElo "2103"]
[PlyCount "55"]
[WhiteFideId "24601535"]
[BlackFideId "4674766"]
[EventCountry "GER"]
[EventRounds "9"]
[EventType "swiss"]
[EventDate "2003.06.07"]

1. e4 c5 2. Nf3 d6 3. d4 cxd4 4. Nxd4 Nf6 5. Nc3 a6 6. Be3 e5 7. Nb3 Be6 8. Be2
Be7 9. O-O O-O 10. f4 Qc7 11. f5 Bc4 12. Bxc4 Qxc4 13. Qd3 Rc8 14. Qxc4 Rxc4
15. Nd2 Rc7 16. Rfd1 b5 17. Rac1 Nbd7 18. Nf1 Rac8 19. a3 Kf8 20. Bf2 Ng4 21.
Ne3 Nxf2 22. Kxf2 Nb6 23. Ncd5 Nxd5 24. Rxd5 Rc6 25. c3 Bg5 26. Rcd1 Bxe3+ 27.
Kxe3 Ke7 28. g4 1/2-1/2

[Event "DEM U14 2003"]
[Site "Willingen GER"]
[Date "2003.06.08"]
[Round "2"]
[White "Baldauf, Marco"]
[Black "Cara, Bogdan"]
[Result "1-0"]
[Termination "normal"]
[Board "5"]
[WhiteElo "2093"]
[BlackElo "1830"]
[PlyCount "83"]
[WhiteFideId "4688210"]
[EventCountry "GER"]
[EventRounds "9"]
[EventType "swiss"]
[EventDate "2003.06.07"]

1. e4 e6 2. d4 d5 3. Nd2 c5 4. exd5 exd5 5. Bb5+ Nc6 6. Ngf3 Bd6 7. O-O Nge7 8.
dxc5 Bxc5 9. Nb3 Bd6 10. h3 O-O 11. Kh1 Bf5 12. Nbd4 Be4 13. Bg5 Rc8 14. c3 a6
15. Nxc6 bxc6 16. Bxa6 Rb8 17. b4 f6 18. Be3 Nf5 19. Nd4 Nxe3 20. fxe3 Qe8 21.
Bd3 Qg6 22. Bxe4 Qxe4 23. Qf3 Qe5 24. Qf4 Qxf4 25. exf4 Rbc8 26. Nf5 Rfd8 27.
Rfe1 Kf8 28. g3 g6 29. Nxd6 Rxd6 30. a4 c5 31. b5 d4 32. a5 Rb8 33. c4 Rdd8 34.
b6 Rb7 35. Reb1 Ra8 36. a6 Rbb8 37. Rb5 Ke7 38. b7 Ra7 39. Rxc5 Rbxb7 40. axb7
Rxa1+ 41. Kg2 Rb1 42. Rb5 1-0

[Event "DEM U14 2003"]
[Site "Willingen GER"]
[Date "2003.06.08"]
[Round "2"]
[White "Wagner, Florian"]
[Black "Beck, Frederik"]
[Result "1/2-1/2"]
[Termination "normal"]
[Board "6"]
[WhiteElo "1742"]
[BlackElo "2087"]
[PlyCount "32"]
[WhiteFideId "4698118"]
[BlackFideId "4687388"]
[EventCountry "GER"]
[EventRounds "9"]
[EventType "swiss"]
[EventDate "2003.06.07"]

1. e4 c5 2. Nc3 Nc6 3. g3 g6 4. Bg2 Bg7 5. d3 e6 6. Be3 d6 7. Qd2 Rb8 8. f4
Nge7 9. Nf3 Nd4 10. O-O O-O 11. Nd1 b6 12. c3 Nxf3+ 13. Bxf3 f5 14. Bf2 e5 15.
Bg2 d5 16. exd5 Nxd5 1/2-1/2

[Event "DEM U14 2003"]
[Site "Willingen GER"]
[Date "2003.06.08"]
[Round "2"]
[White "Bogner, Sebastian"]
[Black "Dinger, Florian"]
[Result "1/2-1/2"]
[Termination "normal"]
[Board "7"]
[WhiteElo "1996"]
[BlackElo "1746"]
[PlyCount "80"]
[WhiteFideId "4692055"]
[BlackFideId "24605573"]
[EventCountry "GER"]
[EventRounds "9"]
[EventType "swiss"]
[EventDate "2003.06.07"]

1. d4 Nf6 2. c4 g6 3. Nc3 Bg7 4. e4 d6 5. Nf3 O-O 6. Be2 c5 7. d5 Na6 8. O-O
Bd7 9. Ne1 Nc7 10. a4 Rb8 11. f4 b6 12. Nf3 a6 13. e5 Nfe8 14. Qc2 b5 15. axb5
axb5 16. b3 Bf5 17. Qd2 b4 18. Nd1 Bg4 19. Bb2 f6 20. e6 Bxf3 21. Bxf3 f5 22.
h3 Bxb2 23. Qxb2 Ng7 24. Ne3 Ra8 25. g3 Qb8 26. Rxa8 Qxa8 27. g4 fxg4 28. Bxg4
Nce8 29. f5 h5 30. Bd1 Nxf5 31. Nxf5 Rxf5 32. Rxf5 gxf5 33. Bxh5 Nf6 34. Bg6
Qf8 35. Bxf5 Qg7+ 36. Qg2 Qxg2+ 37. Kxg2 Kg7 38. Kf3 Kh6 39. Kf4 Nh5+ 40. Kg4
Nf6+ 1/2-1/2

[Event "DEM U14 2003"]
[Site "Willingen GER"]
[Date "2003.06.08"]
[Round "2"]
[White "Plenca, Julijan"]
[Black "Schmidt, Armin"]
[Result "1-0"]
[Termination "normal"]
[Board "8"]
[WhiteElo "2066"]
[BlackElo "1668"]
[PlyCount "99"]
[WhiteFideId "14508044"]
[BlackFideId "24610160"]
[EventCountry "GER"]
[EventRounds "9"]
[EventType "swiss"]
[EventDate "2003.06.07"]

1. e4 c6 2. d4 d5 3. e5 Bf5 4. g4 Be4 5. f3 Bg6 6. h4 h5 7. e6 fxe6 8. Bd3 Bf7
9. g5 g6 10. f4 Qb6 11. Nf3 Nd7 12. Nc3 e5 13. fxe5 e6 14. Ne2 c5 15. c3 cxd4
16. cxd4 Bb4+ 17. Bd2 Bxd2+ 18. Nxd2 Ne7 19. Qa4 Rd8 20. Bb5 a6 21. Bxd7+ Rxd7
22. Nb3 Nc6 23. Rc1 Qb4+ 24. Qxb4 Nxb4 25. Kd2 Nxa2 26. Rc8+ Rd8 27. Rc7 Rd7
28. Rxd7 Kxd7 29. Nc5+ Ke7 30. Nd3 a5 31. Ra1 Nb4 32. Rxa5 Nxd3 33. Kxd3 Kd7
34. Ra1 Be8 35. Rf1 Ke7 36. Nc3 Rf8 37. Rf6 Rxf6 38. gxf6+ Kf7 39. Ke3 b5 40.
Kf4 b4 41. Nd1 Bb5 42. Nf2 Bf1 43. Kg5 Be2 44. Kh6 Bf1 45. Kh7 b3 46. Kh6 Bg2
47. Nd3 Be4 48. Nc5 Bc2 49. Nxe6 Kxe6 50. Kg7 1-0

[Event "DEM U14 2003"]
[Site "Willingen GER"]
[Date "2003.06.08"]
[Round "2"]
[White "Tereick, Benjamin"]
[Black "Becker, Erik"]
[Result "0-1"]
[Termination "normal"]
[Board "9"]
[WhiteElo "1751"]
[BlackElo "2049"]
[PlyCount "103"]
[WhiteFideId "24607541"]
[BlackFideId "4696921"]
[EventCountry "GER"]
[EventRounds "9"]
[EventType "swiss"]
[EventDate "2003.06.07"]

1. Nf3 Nf6 2. g3 g6 3. b3 Bg7 4. Bb2 O-O 5. Bg2 c6 6. O-O d5 7. c4 Na6 8. d3
Bg4 9. Nbd2 Re8 10. h3 Bf5 11. Re1 Nc5 12. b4 Na6 13. a3 Nc7 14. e4 dxe4 15.
dxe4 Nxe4 16. Bxg7 Nxd2 17. Be5 Nxf3+ 18. Qxf3 f6 19. Rad1 Qc8 20. Bf4 Ne6 21.
Bc1 Ng7 22. g4 Be6 23. Qc3 Qc7 24. Rd3 Rad8 25. Rde3 Qd6 26. Bb2 h6 27. c5 Qd7
28. f4 Kh8 29. Be4 Kh7 30. Rg3 Bd5 31. Qc2 Bxe4 32. Qxe4 Qc7 33. h4 e5 34. fxe5
fxe5 35. h5 Re6 36. hxg6+ Rxg6 37. Bxe5 Qe7 38. g5 h5 39. Rf1 Rd5 40. Rf6 Qe8
41. Re3 Rd1+ 42. Kg2 Rd2+ 43. Kf1 Rd5 44. Ke2 a6 45. Ke1 Rd7 46. Qc2 Re7 47.
Kf2 Re6 48. Rxe6 Nxe6 49. Bf6 Qb8 50. Rxe6 Qh2+ 51. Ke1 Qxc2 52. Re8 0-1

[Event "DEM U14 2003"]
[Site "Willingen GER"]
[Date "2003.06.08"]
[Round "2"]
[White "Kölsch, Maximilian"]
[Black "Mandery, Markus"]
[Result "0-1"]
[Termination "normal"]
[Board "10"]
[WhiteElo "1688"]
[BlackElo "1829"]
[PlyCount "70"]
[WhiteFideId "24618462"]
[BlackFideId "24607126"]
[EventCountry "GER"]
[EventRounds "9"]
[EventType "swiss"]
[EventDate "2003.06.07"]

1. d4 e6 2. c4 Nf6 3. Nf3 b6 4. a3 Bb7 5. Nc3 c5 6. d5 d6 7. e4 e5 8. Bd3 g6 9.
Bg5 Nbd7 10. Qd2 h6 11. Be3 Ng4 12. h3 Nxe3 13. Qxe3 Bg7 14. O-O-O a6 15. Kb1
O-O 16. g4 Re8 17. Rdg1 Nf8 18. Nd2 Bc8 19. h4 Qe7 20. Ne2 Bd7 21. g5 h5 22.
Ng3 b5 23. Be2 Reb8 24. Bxh5 gxh5 25. Nxh5 Ng6 26. Nxg7 Kxg7 27. h5 Nf4 28. Nf3
bxc4 29. Nh4 Rb3 30. Qc1 Rh3 31. Nf5+ Bxf5 32. exf5 Qd7 33. f6+ Kh8 34. Qxc4
Rxh1 35. Rxh1 Qf5+ 0-1

[Event "DEM U14 2003"]
[Site "Willingen GER"]
[Date "2003.06.08"]
[Round "2"]
[White "Völbel, Patrick"]
[Black "Rietze, Clemens"]
[Result "1/2-1/2"]
[Termination "normal"]
[Board "11"]
[WhiteElo "1815"]
[BlackElo "1716"]
[PlyCount "79"]
[WhiteFideId "24622583"]
[BlackFideId "24620351"]
[EventCountry "GER"]
[EventRounds "9"]
[EventType "swiss"]
[EventDate "2003.06.07"]

1. e4 c5 2. Nf3 Nc6 3. d3 e5 4. Nc3 Nf6 5. Bg5 Be7 6. g3 d6 7. Bg2 Bg4 8. Bxf6
Bxf6 9. h3 Bh5 10. g4 Bg6 11. Nd5 Be7 12. c3 Qd7 13. h4 h6 14. Qe2 Nd8 15. Bh3
Ne6 16. O-O-O O-O-O 17. Kb1 Kb8 18. Rhe1 Bh7 19. Ka1 g5 20. h5 Nc7 21. Nxc7
Qxc7 22. c4 Qd7 23. Nd2 Rde8 24. Nf1 f6 25. Ne3 Bg8 26. Nf5 Bd8 27. Qd2 Be6 28.
Bg2 Bc7 29. Qc3 Qd8 30. Re2 Ba5 31. Qb3 Qc7 32. Ne3 Qc8 33. Bf3 Bd7 34. Rg1 Bc6
35. a3 Qd7 36. Qc2 Ba4 37. b3 Bc6 38. Ka2 Ka8 39. Rb1 Qe6 40. Nf5 1/2-1/2

[Event "DEM U14 2003"]
[Site "Willingen GER"]
[Date "2003.06.08"]
[Round "2"]
[White "Forchmann, Georg"]
[Black "Klein, Felix"]
[Result "0-1"]
[Termination "normal"]
[Board "12"]
[WhiteElo "1637"]
[BlackElo "1798"]
[PlyCount "64"]
[BlackFideId "24600458"]
[EventCountry "GER"]
[EventRounds "9"]
[EventType "swiss"]
[EventDate "2003.06.07"]

1. e4 c5 2. Nf3 e6 3. d4 cxd4 4. Nxd4 a6 5. Nc3 Qc7 6. Be2 Nf6 7. O-O Be7 8. f4
d6 9. Kh1 O-O 10. g4 b5 11. Bf3 Bb7 12. Qd3 Nc6 13. f5 Ne5 14. Qe2 Nxf3 15.
Nxf3 b4 16. g5 bxc3 17. gxf6 Bxf6 18. b3 exf5 19. exf5 Rfe8 20. Qg2 Qe7 21. Rf2
Qe1+ 22. Rf1 Qe2 23. Rf2 Bxf3 24. Rxf3 Qxg2+ 25. Kxg2 Re2+ 26. Rf2 Rae8 27. Kf3
Rxf2+ 28. Kxf2 Re5 29. Ba3 Rxf5+ 30. Ke3 Rd5 31. Re1 Re5+ 32. Kf2 Bh4+ 0-1

[Event "DEM U14 2003"]
[Site "Willingen GER"]
[Date "2003.06.08"]
[Round "2"]
[White "Billing, Christian"]
[Black "Friedrich, Paul-Robert"]
[Result "1-0"]
[Termination "normal"]
[Board "13"]
[WhiteElo "1797"]
[BlackElo "1599"]
[PlyCount "89"]
[WhiteFideId "4697294"]
[BlackFideId "24616036"]
[EventCountry "GER"]
[EventRounds "9"]
[EventType "swiss"]
[EventDate "2003.06.07"]

1. e4 e6 2. d3 d5 3. Nd2 c5 4. g3 Nc6 5. Bg2 Nf6 6. Ngf3 Be7 7. O-O O-O 8. e5
Nd7 9. Re1 Qc7 10. Qe2 b6 11. Nf1 Bb7 12. h4 Rae8 13. Bf4 Qd8 14. Bh3 Bc8 15.
Ng5 Bxg5 16. hxg5 Ne7 17. Ne3 Ng6 18. Ng2 Nb8 19. Qh5 Nc6 20. c3 d4 21. c4 Qc7
22. Qe2 Nce7 23. Bg4 Nf5 24. Kh2 Bb7 25. Bf3 Qe7 26. Rh1 Nxf4 27. gxf4 Bxf3 28.
Qxf3 g6 29. Kg1 Kg7 30. Nh4 Nxh4 31. Rxh4 Rh8 32. Kg2 h6 33. gxh6+ Rxh6 34.
Rxh6 Kxh6 35. Rh1+ Kg7 36. Qh3 Qb7+ 37. f3 Kf8 38. Qh8+ Ke7 39. Qf6+ Kd7 40.
Qxf7+ Re7 41. Qxg6 Qc8 42. f5 Kc6 43. f6 Re8 44. Rh7 Rh8 45. Qe4# 1-0

[Event "DEM U14 2003"]
[Site "Willingen GER"]
[Date "2003.06.08"]
[Round "2"]
[White "Cammann, Tim"]
[Black "Sohl, Jan"]
[Result "0-1"]
[Termination "normal"]
[Board "14"]
[WhiteElo "1401"]
[BlackElo "1766"]
[PlyCount "72"]
[BlackFideId "4698070"]
[EventCountry "GER"]
[EventRounds "9"]
[EventType "swiss"]
[EventDate "2003.06.07"]

1. d4 Nf6 2. c4 g6 3. Nc3 Bg7 4. e4 d6 5. f3 O-O 6. Be3 e5 7. d5 c6 8. Nge2
cxd5 9. cxd5 a6 10. Nc1 Nbd7 11. Nd3 Nh5 12. g4 Nf4 13. Nxf4 exf4 14. Bxf4 Ne5
15. Be2 b5 16. Be3 Rb8 17. O-O b4 18. Na4 f5 19. gxf5 gxf5 20. Rb1 f4 21. Bd4
Bh3 22. Rf2 Kh8 23. Bf1 Qh4 24. Bxh3 Qxh3 25. Qf1 Nxf3+ 26. Rxf3 Bxd4+ 27. Kh1
Qh4 28. Qxa6 Rg8 29. Qxd6 Qg4 30. Rf2 Bxf2 31. Qe5+ Qg7 32. Qxg7+ Rxg7 33. Rf1
Be3 34. h3 Re8 35. b3 Rxe4 36. Nb2 Rd4 0-1

[Event "DEM U14 2003"]
[Site "Willingen GER"]
[Date "2003.06.09"]
[Round "3"]
[White "Figura, Atila Gajo"]
[Black "Brener, Ilja"]
[Result "1/2-1/2"]
[Termination "normal"]
[Board "1"]
[WhiteElo "2111"]
[BlackElo "2168"]
[PlyCount "50"]
[WhiteFideId "4688058"]
[BlackFideId "4688201"]
[EventCountry "GER"]
[EventRounds "9"]
[EventType "swiss"]
[EventDate "2003.06.07"]

1. d4 Nf6 2. c4 e6 3. Nc3 Bb4 4. Qc2 O-O 5. a3 Bxc3+ 6. Qxc3 b6 7. Bg5 Bb7 8.
e3 h6 9. Bh4 d6 10. f3 Nbd7 11. Bd3 c5 12. Nh3 Rc8 13. Qd2 cxd4 14. exd4 d5 15.
cxd5 Bxd5 16. Ba6 Rc6 17. Bb5 Rc7 18. Bg3 Rc8 19. Ba6 Ra8 20. Rc1 Nb8 21. Bb5
a6 22. Ba4 b5 23. Bc2 Nc6 24. O-O Qe7 25. Bh4 Bc4 1/2-1/2

[Event "DEM U14 2003"]
[Site "Willingen GER"]
[Date "2003.06.09"]
[Round "3"]
[White "Lieder, Konrad"]
[Black "Baldauf, Marco"]
[Result "0-1"]
[Termination "normal"]
[Board "2"]
[WhiteElo "2123"]
[BlackElo "2093"]
[PlyCount "57"]
[WhiteFideId "4692721"]
[BlackFideId "4688210"]
[EventCountry "GER"]
[EventRounds "9"]
[EventType "swiss"]
[EventDate "2003.06.07"]

1. d4 Nf6 2. c4 c5 3. d5 a6 4. Nc3 b5 5. cxb5 axb5 6. Nxb5 Qa5+ 7. Nc3 Bb7 8.
Bd2 Qb6 9. e4 e6 10. dxe6 fxe6 11. Bd3 Nc6 12. Nf3 Nb4 13. Bb1 Ba6 14. Be3 Be7
15. a3 Nc6 16. b4 Qb7 17. e5 Ng4 18. bxc5 Ngxe5 19. Nxe5 Nxe5 20. Be4 Qb2 21.
Na4 Qb5 22. Nb6 Rd8 23. Rc1 O-O 24. f4 d5 25. Bb1 d4 26. a4 Qb2 27. Qd2 Qb3 28.
Bf2 Bxc5 29. fxe5 0-1

[Event "DEM U14 2003"]
[Site "Willingen GER"]
[Date "2003.06.09"]
[Round "3"]
[White "Beck, Frederik"]
[Black "Zebisch, Paul"]
[Result "1/2-1/2"]
[Termination "normal"]
[Board "4"]
[WhiteElo "2087"]
[BlackElo "1863"]
[PlyCount "148"]
[WhiteFideId "4687388"]
[BlackFideId "24601535"]
[EventCountry "GER"]
[EventRounds "9"]
[EventType "swiss"]
[EventDate "2003.06.07"]

1. e4 e5 2. Nf3 Nc6 3. Bb5 a6 4. Ba4 Nf6 5. O-O b5 6. Bb3 Bc5 7. d3 d6 8. c3
O-O 9. Bg5 Bb7 10. Nbd2 h6 11. Bh4 a5 12. a4 b4 13. Nc4 Bb6 14. Nxb6 cxb6 15.
Nd2 g5 16. Bg3 Ba6 17. Qf3 Kg7 18. Rfe1 Nd7 19. Bc4 Ne7 20. Bxa6 Rxa6 21. h4
Ng6 22. hxg5 hxg5 23. Nc4 Qc7 24. Ne3 Ne7 25. Qg4 f6 26. d4 Ra7 27. Qe6 Rf7 28.
cxb4 Nf8 29. Qc4 axb4 30. Qxb4 Nc6 31. Nf5+ Kg6 32. Qxd6 Qxd6 33. Nxd6 Rfd7 34.
Nb5 Nxd4 35. Nxa7 Rxa7 36. Ra2 Nfe6 37. f3 b5 38. Bf2 bxa4 39. b3 a3 40. Rea1
Rd7 41. Rxa3 Nc2 42. Ra7 Nxa1 43. Rxd7 Nxb3 44. Kf1 Nf4 45. g3 Ne6 46. Rd5 g4
47. fxg4 Ng5 48. Kg2 Nxe4 49. Be3 Na1 50. Kf3 Ng5+ 51. Bxg5 Kxg5 52. Rd8 Kg6
53. Ke4 Nb3 54. g5 Nd4 55. gxf6 Kxf6 56. Rf8+ Ke7 57. Rf2 Ke6 58. g4 Nb5 59. g5
Nd6+ 60. Kd3 Nf5 61. g6 Ng7 62. Rf7 Nh5 63. Ke4 Nf4 64. Ra7 Nxg6 65. Ra6+ Kf7
66. Kf5 Ne7+ 67. Kxe5 Ng6+ 68. Kf5 Ne7+ 69. Kg5 Nd5 70. Rd6 Ne7 71. Rf6+ Kg7
72. Ra6 Kf7 73. Kf4 Ng6+ 74. Ke4 Ne7 1/2-1/2

[Event "DEM U14 2003"]
[Site "Willingen GER"]
[Date "2003.06.09"]
[Round "3"]
[White "Dinger, Florian"]
[Black "Rehberg, Raphael"]
[Result "1-0"]
[Termination "normal"]
[Board "5"]
[WhiteElo "1746"]
[BlackElo "2046"]
[PlyCount "113"]
[WhiteFideId "24605573"]
[BlackFideId "4686799"]
[EventCountry "GER"]
[EventRounds "9"]
[EventType "swiss"]
[EventDate "2003.06.07"]

1. e4 d5 2. exd5 Qxd5 3. Nc3 Qa5 4. d4 Nf6 5. Nf3 Bf5 6. Bd3 Bxd3 7. Qxd3 c6 8.
O-O e6 9. Bf4 Be7 10. Ne4 Nxe4 11. Qxe4 Nd7 12. c3 O-O 13. Rfe1 Nf6 14. Qc2
Rad8 15. Qb3 Qa6 16. Rad1 c5 17. dxc5 Bxc5 18. Be5 Nd5 19. Bd4 Bxd4 20. Rxd4
Rd6 21. Ra4 Qb6 22. Rd1 Rfd8 23. h3 Qxb3 24. axb3 a6 25. Rad4 e5 26. Nxe5 f6
27. Nc4 R6d7 28. Na5 Kf7 29. c4 Nb6 30. Rxd7+ Rxd7 31. Rxd7+ Nxd7 32. Nxb7 Ke6
33. Kf1 Ke5 34. Ke2 Kd4 35. Kd2 Ne5 36. Nd8 g6 37. Ne6+ Ke4 38. Nc5+ Kd4 39.
Nxa6 Nd3 40. Nc7 Nxf2 41. Nb5+ Kc5 42. Ke3 Nd1+ 43. Ke2 Nxb2 44. Kd2 Kb4 45.
Kc2 Nxc4 46. bxc4 Kxc4 47. Nc7 Kd4 48. Kd2 f5 49. Ke2 Ke4 50. Ne6 h6 51. Nc5+
Kf4 52. Kf2 g5 53. Nd3+ Ke4 54. Ne1 g4 55. hxg4 fxg4 56. Kg3 Kf5 57. Kh4 1-0

[Event "DEM U14 2003"]
[Site "Willingen GER"]
[Date "2003.06.09"]
[Round "3"]
[White "Abel, Dennes"]
[Black "Plenca, Julijan"]
[Result "1-0"]
[Termination "normal"]
[Board "6"]
[WhiteElo "1915"]
[BlackElo "2066"]
[PlyCount "99"]
[WhiteFideId "24605417"]
[BlackFideId "14508044"]
[EventCountry "GER"]
[EventRounds "9"]
[EventType "swiss"]
[EventDate "2003.06.07"]

1. Nf3 e6 2. c4 Nf6 3. d4 c5 4. d5 exd5 5. cxd5 d6 6. Nc3 g6 7. e4 Bg4 8. Bd3
Bg7 9. O-O O-O 10. h3 Bxf3 11. Qxf3 a6 12. a4 Nh5 13. Re1 Nd7 14. Qd1 Be5 15.
Be2 Ndf6 16. Bg5 Qb6 17. Qc2 Rfe8 18. Bxh5 Nxh5 19. a5 Qc7 20. Bd2 b5 21. Ne2
Rac8 22. g4 Nf6 23. Rac1 Nd7 24. f4 Bg7 25. Ng3 c4 26. b4 c3 27. Be3 Qc4 28.
Rb1 Bd4 29. Kg2 Nf6 30. Kf3 Re7 31. Bxd4 Qxd4 32. g5 Ne8 33. Re3 f5 34. gxf6
Nxf6 35. Ne2 Qd2 36. Qxd2 cxd2 37. Rd1 Rc4 38. Ng3 Rxb4 39. Rxd2 Ra4 40. e5 Ne8
41. Ne4 Rd7 42. exd6 Rc4 43. Nf2 Nxd6 44. Ng4 Rd8 45. Re6 b4 46. Nf6+ Kg7 47.
Rxd6 Rc3+ 48. Ke2 Rf8 49. Ne4 Rxh3 50. Ng5 1-0

[Event "DEM U14 2003"]
[Site "Willingen GER"]
[Date "2003.06.09"]
[Round "3"]
[White "Becker, Erik"]
[Black "Cara, Bogdan"]
[Result "1-0"]
[Termination "normal"]
[Board "7"]
[WhiteElo "2049"]
[BlackElo "1830"]
[PlyCount "73"]
[WhiteFideId "4696921"]
[EventCountry "GER"]
[EventRounds "9"]
[EventType "swiss"]
[EventDate "2003.06.07"]

1. e4 e6 2. d3 d5 3. Nd2 c5 4. g3 Nc6 5. Bg2 Nf6 6. Ngf3 Bd6 7. O-O O-O 8. Re1
Nd7 9. Nh4 Nb6 10. Nf1 Bd7 11. f4 f6 12. exd5 Nxd5 13. Nf5 Qc7 14. Nxd6 Qxd6
15. Nd2 Nb6 16. Kh1 Rae8 17. Ne4 Qe7 18. Be3 Na4 19. b3 f5 20. bxa4 fxe4 21.
Bxe4 Rf6 22. Qh5 Rh6 23. Qxc5 Qxc5 24. Bxc5 b6 25. Bf2 Nb4 26. Re2 Bxa4 27. c3
Nd5 28. Bd4 Rc8 29. Bxd5 exd5 30. Re7 Rg6 31. Rxa7 Bc2 32. Re1 Bxd3 33. Ree7
Bb1 34. a3 b5 35. Bxg7 h5 36. Be5 h4 37. Rh7 1-0

[Event "DEM U14 2003"]
[Site "Willingen GER"]
[Date "2003.06.09"]
[Round "3"]
[White "Klein, Felix"]
[Black "Bogner, Sebastian"]
[Result "1-0"]
[Termination "normal"]
[Board "9"]
[WhiteElo "1798"]
[BlackElo "1996"]
[PlyCount "109"]
[WhiteFideId "24600458"]
[BlackFideId "4692055"]
[EventCountry "GER"]
[EventRounds "9"]
[EventType "swiss"]
[EventDate "2003.06.07"]

1. e4 c5 2. Nf3 d6 3. d4 cxd4 4. Nxd4 Nf6 5. Nc3 a6 6. Be3 e6 7. f3 b5 8. g4 h6
9. Qd2 Nbd7 10. O-O-O Bb7 11. h4 b4 12. Na4 Qa5 13. b3 Nc5 14. a3 Rc8 15. axb4
Nxb3+ 16. Nxb3 Qxa4 17. Kb2 Qd7 18. Bh3 Qc7 19. g5 Nd7 20. g6 Ne5 21. gxf7+
Kxf7 22. Na5 Be7 23. Kb1 Rhf8 24. Rdf1 Nc4 25. Nxc4 Qxc4 26. Bd4 d5 27. Rhg1
Bf6 28. Bxf6 gxf6 29. Rf2 Rg8 30. Bg4 Ke7 31. Rd1 Rgd8 32. e5 fxe5 33. Qxh6
Qxb4+ 34. Ka1 Qa5+ 35. Kb1 Qb6+ 36. Ka1 Rc5 37. Qg5+ Kd6 38. c3 Rxc3 39. Rb2
Ra3+ 40. Kb1 Rb3 41. Rdd2 Re8 42. f4 exf4 43. Qxf4+ Kd7 44. Qa4+ Rb5 45. Be2
Bc6 46. Bxb5 Bxb5 47. Qg4 Kc7 48. Qg7+ Kb8 49. h5 Qc7 50. h6 Re7 51. Qg8+ Ka7
52. Rxb5 axb5 53. Ra2+ Kb7 54. Qa8+ Kb6 55. Qa6+ 1-0

[Event "DEM U14 2003"]
[Site "Willingen GER"]
[Date "2003.06.09"]
[Round "3"]
[White "Sohl, Jan"]
[Black "Völbel, Patrick"]
[Result "1/2-1/2"]
[Termination "normal"]
[Board "10"]
[WhiteElo "1766"]
[BlackElo "1815"]
[PlyCount "36"]
[WhiteFideId "4698070"]
[BlackFideId "24622583"]
[EventCountry "GER"]
[EventRounds "9"]
[EventType "swiss"]
[EventDate "2003.06.07"]

1. e4 c5 2. Nf3 a6 3. c4 e6 4. Nc3 Qc7 5. Be2 d6 6. d4 cxd4 7. Nxd4 Nf6 8. O-O
Be7 9. Be3 b6 10. Rc1 O-O 11. f3 Bb7 12. Qd2 Nbd7 13. a3 Rac8 14. b4 Qb8 15.
Nb3 Rfd8 16. Rfd1 Bc6 17. Qe1 Qa8 18. Qf2 d5 1/2-1/2

[Event "DEM U14 2003"]
[Site "Willingen GER"]
[Date "2003.06.09"]
[Round "3"]
[White "Schmidt, Armin"]
[Black "Billing, Christian"]
[Result "1/2-1/2"]
[Termination "normal"]
[Board "11"]
[WhiteElo "1668"]
[BlackElo "1797"]
[PlyCount "40"]
[WhiteFideId "24610160"]
[BlackFideId "4697294"]
[EventCountry "GER"]
[EventRounds "9"]
[EventType "swiss"]
[EventDate "2003.06.07"]

1. e4 c5 2. Nc3 d6 3. f4 Nc6 4. Nf3 g6 5. Bc4 Bg7 6. O-O e6 7. f5 Nd4 8. d3
Nxf3+ 9. Qxf3 Nf6 10. Bg5 O-O 11. Qh3 exf5 12. Qh4 h6 13. Bxh6 Ng4 14. Qxd8
Bd4+ 15. Kh1 Rxd8 16. Bg5 Re8 17. h3 Kg7 18. Nd5 Rh8 19. c3 Be5 20. Ne3 Nxe3
1/2-1/2

[Event "DEM U14 2003"]
[Site "Willingen GER"]
[Date "2003.06.09"]
[Round "3"]
[White "Friedrich, Paul-Robert"]
[Black "Rietze, Clemens"]
[Result "0-1"]
[Termination "normal"]
[Board "12"]
[WhiteElo "1599"]
[BlackElo "1716"]
[PlyCount "86"]
[WhiteFideId "24616036"]
[BlackFideId "24620351"]
[EventCountry "GER"]
[EventRounds "9"]
[EventType "swiss"]
[EventDate "2003.06.07"]

1. d4 Nf6 2. c4 g6 3. Nc3 Bg7 4. e4 d6 5. Nf3 O-O 6. Be2 Nc6 7. O-O e5 8. d5
Ne7 9. Be3 Ng4 10. Bg5 f5 11. Nd2 Nf6 12. f4 exf4 13. Qc2 fxe4 14. Ndxe4 Nxe4
15. Qxe4 Be5 16. Bxf4 Bf5 17. Qe3 Bg7 18. Rae1 Qd7 19. Bh6 Bxh6 20. Qxh6 Rae8
21. Rf4 Qd8 22. Ref1 Nc8 23. g4 Bd7 24. Ne4 Rxf4 25. Rxf4 Rf8 26. Rxf8+ Qxf8
27. Qxf8+ Kxf8 28. Nf6 Nb6 29. Nxh7+ Kg7 30. Ng5 Kf6 31. Ne4+ Ke5 32. Nd2 Na4
33. Kf2 Kf4 34. h3 Nxb2 35. Nb3 Ke4 36. h4 Nd3+ 37. Bxd3+ Kxd3 38. h5 gxh5 39.
gxh5 b6 40. Kf3 Bf5 41. Kf4 Bh7 42. c5 bxc5 43. Kg5 Kc4 0-1

[Event "DEM U14 2003"]
[Site "Willingen GER"]
[Date "2003.06.09"]
[Round "3"]
[White "Forchmann, Georg"]
[Black "Tereick, Benjamin"]
[Result "1/2-1/2"]
[Termination "normal"]
[Board "13"]
[WhiteElo "1637"]
[BlackElo "1751"]
[PlyCount "33"]
[BlackFideId "24607541"]
[EventCountry "GER"]
[EventRounds "9"]
[EventType "swiss"]
[EventDate "2003.06.07"]

1. e4 e6 2. d4 d5 3. Nc3 Nc6 4. e5 f6 5. f4 fxe5 6. dxe5 Nh6 7. Bd3 Bd7 8. Nf3
Qe7 9. Be3 O-O-O 10. Qd2 Nb4 11. Be2 c5 12. Bf2 Qf7 13. a3 Nc6 14. O-O-O g6 15.
Ng5 Qe8 16. Kb1 Nf7 17. Nf3 1/2-1/2